Agenda 94 : una conversación con Cuauhtémoc Cárdenas /

Emisión del programa Nexos TV del 14 de junio de 1994, séptima y penúltima de una serie de transmisiones que compartieron el título común de Agenda 94. En esta transmisión, el programa consistió en una entrevista Cuauhtémoc Cárdenas Solórzano, quien por segunda ocasión consecutiva contendía por la p...

Volledige beschrijving

Bewaard in:
Bibliografische gegevens
Hoofdauteur: Cordera Campos, Rolando (dir. general)
Andere auteurs: Sánchez Rebolledo, Adolfo (coordinación) (coordinación), Gutiérrez, Marcela (producción) (producción), Cordera Campos, Rolando (entrevista) (entrevista), Meyer, Lorenzo (entrevista) (entrevista), Padgett, Timothy (entrevista) (entrevista), Sánchez Rebolledo, Adolfo (guión) (guión), Aguilar Camín, Héctor (asesoría) (asesoría), Cárdenas Solórzano, Cuauhtémoc (autor) (autor)
Formaat: Dia
Taal:Spaans
Gepubliceerd in: México : Televisión Azteca, 1994, c1994
Reeks:(Nexos TV ; 276)
Onderwerpen:
Tags: Voeg label toe
Geen labels, Wees de eerste die dit record labelt!

MARC

LEADER 00000ngm^a2200000^a^4500
001 000143654
005 20250521000000.0
009 20260310095731.599
037 |a Acervo ITESO - Biblioteca 
041 |a ESP 
082 |a 320. 972  |b NEX V. 276 
100 |a Cordera Campos, Rolando  |e (dir. general) 
240 1 1 |a [Nexos TV] 
240 1 1 |a [Agenda 94] 
245 1 0 |a Agenda 94 :  |b una conversación con Cuauhtémoc Cárdenas /  |c Dir. general de R. Cordera Campos. 
264 4 |a México :  |b Televisión Azteca,  |c 1994, c1994 
300 |a 1 videocasete VHS  |c (62 min.) 
336 |a imagen móvil bidimensional  |b tdi  |2 rdacontenido 
337 |a video  |b v  |2 rdamedio 
338 |a videocasete  |b vf  |2 rdasoporte 
440 1 |a (Nexos TV ;  |v 276) 
520 |a Emisión del programa Nexos TV del 14 de junio de 1994, séptima y penúltima de una serie de transmisiones que compartieron el título común de Agenda 94. En esta transmisión, el programa consistió en una entrevista Cuauhtémoc Cárdenas Solórzano, quien por segunda ocasión consecutiva contendía por la presidencia de México. Sus interlocutores son Rolando Cordera Campos, director de Nexos TV; el historiador Lorenzo Meyer y Timothy Padgett, corresponsal de la publicación norteamericana Newsweek en México. 
649 |a XX 
650 |a Candidatos Políticos Mexicanos -  |x Entrevistas 
650 |a Políticos Mexicanos -  |x Entrevistas 
650 |a Elecciones -  |z México -  |x Historia -  |y 1988-1994 -  |x Tema Principal 
650 |a Elecciones -  |z México -  |x Historia -  |y Siglo XX 
650 |a Partido de la Revolución Democrática -  |z México -  |x Historia 
650 |a Partidos Políticos -  |z México -  |x Historia 
650 |a Proceso Político -  |z México -  |x Historia 
650 |a México -  |x Condiciones Políticas 
650 |a Política -  |z México -  |x Historia -  |y 1988-1994 
650 |a Política -  |z México -  |x Historia -  |y Siglo XX 
650 |a Cárdenas Solórzano, Cuauhtémoc -  |x Tema Principal 
700 |a Sánchez Rebolledo, Adolfo  |e (coordinación) 
700 |a Gutiérrez, Marcela  |e (producción) 
700 |a Cordera Campos, Rolando  |e (entrevista) 
700 |a Meyer, Lorenzo  |e (entrevista) 
700 |a Padgett, Timothy  |e (entrevista) 
700 |a Sánchez Rebolledo, Adolfo  |e (guión) 
700 |a Aguilar Camín, Héctor  |e (asesoría) 
700 |a Cárdenas Solórzano, Cuauhtémoc  |e (autor) 
910 |a Fondo General 
920 |a Audiovisuales - Videocasetes 
905 |a 301 
901 |a 0500066218  |b IT2  |c VIS  |u 20250521 
902 |a https://opac.biblio.iteso.mx/vufind/Record/000143654